Detection of Unusual Financial Transaction

Najproduktívnejšie štáty vo výskume prania peňazí. Využitie kvantitatívnych metód v identifikácii nezvyčajných transakcií firiem. Postupy na ochranu patentov.

Guardado en:
Detalles Bibliográficos
Autor principal: Mutňanský, Michal
Otros Autores: Vincúrová, Zuzana
Formato: Capítulo de libro
Lenguaje:inglés
Materias:
Etiquetas: Agregar Etiqueta
Sin Etiquetas, Sea el primero en etiquetar este registro!

MARC

LEADER 00000naa a2200000 4500
001 0253422
005 20190614093347.4
041 0 |a eng 
044 |a SK 
245 1 0 |a Detection of Unusual Financial Transaction  |c Michal Mutňanský, Zuzana Vincúrová 
520 |a Najproduktívnejšie štáty vo výskume prania peňazí. Využitie kvantitatívnych metód v identifikácii nezvyčajných transakcií firiem. Postupy na ochranu patentov. 
610 2 0 |a pranie špinavých peňazí 
610 2 0 |a metódy kvantitatívne 
610 2 0 |a patenty 
610 2 0 |a firmy 
610 2 0 |a výskum 
100 1 |a Mutňanský, Michal 
700 1 |a Vincúrová, Zuzana